| 000 | 00765nam a2200205 a 4500 | ||
|---|---|---|---|
| 003 | 0 | ||
| 005 | 20250502142849.0 | ||
| 008 | 021114s19uu xx 00 eng d | ||
| 050 |
_aPGS BF 336 _b.Su941 2002 |
||
| 100 | _aSubion, Timothy Jed B. | ||
| 245 |
_aLeft-handedness among selected residents of Aniban, Bacoor / _cSubion, Timothy Jed B. |
||
| 260 |
_aLas PiƱas City, Philippines : _bSouthville International School and Colleges, _c2002. |
||
| 300 |
_a23 pages : _billustrations ; _c28 cm. |
||
| 504 | _aIncludes bibliographic references. | ||
| 650 | _aLeft-handedness | ||
| 650 |
_aLeft-handedness _vPsychological aspects. |
||
| 650 |
_aLeft-handed persons _vSocial conditions. |
||
| 650 | _zAniban (Bacoor, Philippines). | ||
| 942 |
_2lcc _cPASS |
||
| 999 |
_c96659 _d96659 |
||